|
|
|
|
| LEADER |
00000nab a2200000uu 4500 |
| 001 |
vtls011158831 |
| 003 |
SK-MaSNL |
| 005 |
20260304030111.0 |
| 008 |
250310|1958 xo |||||||||||||||||slo| |
| 015 |
|
|
|a SNBRB
|
| 035 |
|
|
|a (urnnbn)urn:nbn:sk:snk:ar-a0au2l
|
| 035 |
|
|
|a (uuid)b9c657e3-813a-4e66-b949-f22636cb6662
|
| 035 |
|
|
|a urn:nbn:sk:snk-abb6kg
|
| 040 |
|
|
|a SNKBUCL
|b slo
|c SNKBUCL
|e AACR2
|
| 041 |
0 |
|
|a slo
|
| 044 |
|
|
|a xo
|c SK
|
| 100 |
1 |
|
|a Pivoda, A.
|4 aut
|9 1186681
|
| 245 |
1 |
0 |
|a POUŽITIE RÁDIOIZOTOPOV VO FARMÁCII
|c A. Pivoda, E. Tomásch
|
| 700 |
1 |
|
|a Tomásch, E.
|4 aut
|9 1308209
|
| 773 |
0 |
|
|t Farmácia
|g Roč. 27, č. 8 (1958), s. 235-240
|
| 958 |
|
|
|a OND
|
| 958 |
|
|
|a EUIPO
|
| 958 |
|
|
|a article14
|
| 999 |
|
|
|c 2631685
|d 2633615
|